000 00565nam a22001697a 4500
003 UA-OsUOA
001 13807
007 ta
008 20030622b un ||||| |||| 00| 0 ukr d
942 _cSA
040 _aUA-OsUOA
_cUA-OsUOA
_dUA-OsUOA
245 _aУ Рівному виготовлятимуть... каву
_b[П-во з виробництва кави створено у Рівному на базі т-ва "Укркава"]
300 _aС.5
955 _a0
773 0 _w0
_tОго
_dРівне
_d2003
_g№101/12 черв./
650 7 _aКава
_2UDC
999 _c299968
_d299968